Statistiques concernant QCM-Géographie #1

Cliquez ici pour prendre le quiz!

Statistiques générales

  • Ce quiz a été pris 160 fois
  • Le résultat moyen est 5 sur 8

Statistiques - réponses

QuestionRéponse% Correct
La France possède-elle un frontière terrestre avec la Chine ?Non
95%
Avec quel pays la France a la plus grande frontière terrestre ?Brésil
70%
La Russie possède-elle une frontière terrestre avec la Corée du Nord ?Oui
70%
La France est-elle la pays présent sur le plus grand nombre de fuseau horaire ?Oui
65%
La Danemark possède-elle un frontière terrestre avec le Canada ?Oui
53%
Combien de région comporte la France depuis la réforme de 2015 ?13
49%
Combien de département comporte la France au total ?100
47%
Avec combien de pays la France a-t-elle une frontière terrestre ?11
44%

Distribution des résultats

Percentile par nombre de réponses

% des personnes avec chaque résultat

Votre développement - résultats

Vous n’avez pas pris ce quiz